Systém vzdelávania a rozvoj zamestnancov v podniku RKS Trenčín s.r.o.

Guardado en:
Detalles Bibliográficos
Autor principal: Pagáčová, Martina, 1989- (Autor)
Otros Autores: Mironovová, Emília, 1950- (Orientador)
Formato: Manuscrito Libro
Lenguaje:eslovaco
Publicado: Trnava : STU v Bratislave MTF UPMK, 2012
Materias:
Acceso en línea:VAIS
Etiquetas: Agregar Etiqueta
Sin Etiquetas, Sea el primero en etiquetar este registro!

MARC

LEADER 00000ntm a22000003a 4500
001 stu250999
005 20150617230203.6
008 120719s2012----xo------------------slo-d
040 |a STU  |b slo 
041 0 |a slo 
044 |a xo 
100 1 |a Pagáčová, Martina,  |d 1989-  |4 aut  |u M  |T MTF Materiálovotechnologická fakulta  |X 57166  |U M  |Y 60  |7 A000057166 
242 0 0 |a System education and staff development in business RKS Trenčín s.r.o.  |y eng 
245 1 |a Systém vzdelávania a rozvoj zamestnancov v podniku RKS Trenčín s.r.o. 
260 |a Trnava :  |b STU v Bratislave MTF UPMK,  |c 2012 
300 |a 48 s  |c príl 
650 7 |a personálna práca v priemyselnom podniku  |2 stusub 
650 7 |a Personnel Policy in Industrial Plant  |2 estusub 
650 7 |a evaluation  |2 estusub 
650 7 |a planning  |2 estusub 
650 7 |a hodnotenie  |2 stusub 
650 7 |a metódy  |2 stusub 
700 1 |a Mironovová, Emília,  |d 1950-  |4 ths  |u M0100  |U MTF Materiálovotechnologická fakulta  |T MTF Centrum jazykov, humanitných vied a akademického športu  |X 259  |U M0100  |Y 472  |7 A000000259 
856 4 |a info a plný text  |u http://is.stuba.sk/zp/portal_zp.pl?podrobnosti=57884  |3 VAIS 
996 |c M*BP-5834  |l MMSKP  |s P  |a 0  |w stu250999_0001